[Event "Alegre op"]
[Site "Alegre"]
[Date "2024.03.09"]
[Round "3"]
[White "Togni, Everton Batista"]
[Black "Emerim, Diogo Mattos"]
[Result "1-0"]
[WhiteElo "1875"]
[BlackElo "1520"]
[PlyCount "95"]
[EventDate "2024.03.08"]
[EventType "swiss"]
[EventRounds "5"]
[EventCountry "BRA"]
[SourceTitle "CB12_2024"]
[SourceDate "2023.10.01"]
[SourceVersion "1"]
[SourceVersionDate "2023.10.01"]
[SourceQuality "1"]

1. c4 c5 2. g3 g6 3. Nc3 Nc6 4. Bg2 Bg7 5. Nf3 Nf6 6. d4 cxd4 7. Nxd4 0-0 8. Nc2 d6 9. 0-0 Be6 10. b3 Qd7 11. Bb2 Bh3 12. e4 Bxg2 13. Kxg2 Nxe4 14. Qd3 Ng5 15. f4 Qh3+ 16. Kg1 Ne6 17. Nd1 Nc5 18. Qf3 Bxb2 19. Nxb2 Qf5 20. Ne3 Qf6 21. Rab1 Nd4 22. Qd1 Nc6 23. Nd5 Qg7 24. b4 Ne4 25. b5 e6 26. bxc6 exd5 27. cxb7 Rab8 28. Na4 dxc4 29. Qd5 Nc3 30. Nxc3 Qxc3 31. Rfc1 Qe3+ 32. Kh1 c3 33. Qc6 Rfe8 34. Rxc3 Qf2 35. Rc2 Qe3 36. Qd5 Qe7 37. a4 Qd7 38. Qc6 Qf5 39. a5 Qxa5 40. Qb5 Qd8 41. Rbc1 Qe7 42. Rc8 Qe4+ 43. Kg1 Rbxc8 44. bxc8Q Qe3+ 45. Kg2 Qd2+ 46. Kh3 Rxc8 47. Rxc8+ Kg7 48. Qe8 1-0

[Event "Pelotas Gaucho op"]
[Site "Pelotas"]
[Date "2023.10.12"]
[Round "1"]
[White "Lima, Joao Pedro Bastos"]
[Black "Togni, Everton Batista"]
[Result "0-1"]
[WhiteElo "1800"]
[BlackElo "1754"]
[PlyCount "70"]
[EventDate "2023.10.12"]
[EventType "swiss"]
[EventRounds "7"]
[EventCountry "BRA"]
[SourceTitle "Mega2024 Update 01"]
[Source "Chessbase"]
[SourceDate "2023.11.12"]
[SourceVersion "1"]
[SourceVersionDate "2023.11.12"]
[SourceQuality "1"]

1. Nf3 Nf6 2. c4 g6 3. d4 Bg7 4. Nc3 0-0 5. e4 d6 6. Be2 Nc6 7. 0-0 Bg4 8. Be3 Bxf3 9. Bxf3 e5 10. d5 Nb8 11. b4 a5 12. a3 Ne8 13. Qd2 f5 14. Bh6 Nd7 15. Bxg7 Nxg7 16. g3 fxe4 17. Bxe4 Nf6 18. Bg2 Nf5 19. Ne2 b6 20. c5 axb4 21. axb4 Rxa1 22. Rxa1 bxc5 23. bxc5 dxc5 24. Rc1 Nd7 25. Nc3 Nd4 26. Ne4 Nb3 27. Qc2 Nxc1 28. Qxc1 Qe7 29. Ng5 Qf6 30. Qd2 Rb8 31. Bh3 Nf8 32. Ne4 Rb1+ 33. Kg2 Qa6 34. Qh6 Qf1+ 35. Kf3 Qd1+ 0-1

[Event "Porto Alegre IRT U2200 2nd"]
[Site "Porto Alegre"]
[Date "2016.09.04"]
[Round "5.2"]
[White "Fonseca, Luis Ernesto Serra"]
[Black "Togni, Everton Batista"]
[Result "1/2-1/2"]
[WhiteElo "1969"]
[BlackElo "1748"]
[PlyCount "46"]
[EventDate "2016.09.03"]
[EventType "swiss"]
[EventRounds "5"]
[EventCountry "BRA"]
[SourceTitle "EXT 2022"]
[Source "ChessBase"]
[SourceDate "2021.10.06"]
[SourceVersion "1"]
[SourceVersionDate "2021.10.06"]
[SourceQuality "1"]

1. e4 d5 2. exd5 Qxd5 3. Nc3 Qa5 4. Nf3 Bg4 5. d4 e6 6. h3 Bh5 7. Bc4 Nf6 8. 0-0 c6 9. Re1 Be7 10. Bf4 Qf5 11. Bxb8 Bxf3 12. Qxf3 Qxf3 13. gxf3 Rxb8 14. Ne4 Nd5 15. Rad1 Rd8 16. Kg2 Nf4+ 17. Kg3 Ng6 18. f4 Nh4 19. c3 Nf5+ 20. Kf3 Nh4+ 21. Kg3 h6 22. Re2 Nf5+ 23. Kf3 Nh4+ 1/2-1/2

[Event "Porto Alegre Oncosinos op"]
[Site "Porto Alegre"]
[Date "2015.09.07"]
[Round "6"]
[White "Bidigaray, Marcio"]
[Black "Togni, Everton Batista"]
[Result "1-0"]
[WhiteElo "1649"]
[BlackElo "1795"]
[PlyCount "59"]
[EventDate "2015.09.04"]
[EventType "swiss"]
[EventRounds "7"]
[EventCountry "BRA"]
[SourceTitle "EXT 2016"]
[Source "ChessBase"]
[SourceDate "2015.10.08"]
[SourceVersion "1"]
[SourceVersionDate "2015.10.08"]
[SourceQuality "1"]

1. e4 e5 2. Nc3 Nf6 3. f4 d5 4. exd5 e4 5. Bb5+ Nbd7 6. Qe2 Be7 7. Nxe4 Nxd5 8. d4 0-0 9. Nf3 N5f6 10. 0-0 c6 11. Bd3 Re8 12. Ne5 Nxe4 13. Bxe4 Nf6 14. c3 Bf8 15. Bc2 a5 16. Qd3 Be6 17. Bd2 c5 18. Be3 Qb6 19. d5 Bxd5 20. Nd7 Be4 21. Nxb6 Bxd3 22. Bxd3 Rxe3 23. Nxa8 Nd5 24. Bc4 Re8 25. Bxd5 Rxa8 26. c4 Be7 27. Rab1 Rb8 28. a4 Bf6 29. Rfe1 b5 30. cxb5 1-0

[Event "Porto Alegre Oncolinos op"]
[Site "Porto Alegre"]
[Date "2013.11.16"]
[Round "5"]
[White "Crespo, Antonio Rogerio"]
[Black "Togni, Everton Batista"]
[Result "1-0"]
[WhiteElo "2104"]
[BlackElo "1845"]
[PlyCount "79"]
[EventDate "2013.11.14"]
[EventType "swiss"]
[EventRounds "7"]
[EventCountry "BRA"]
[SourceTitle "EXT 2015"]
[Source "ChessBase"]
[SourceDate "2014.11.20"]
[SourceVersion "1"]
[SourceVersionDate "2014.11.20"]
[SourceQuality "1"]

1. d4 Nf6 2. Nf3 g6 3. c4 Bg7 4. Nc3 d6 5. e4 0-0 6. Be2 e5 7. d5 Nbd7 8. Bg5 a5 9. 0-0 Nc5 10. Nd2 h6 11. Be3 Ne8 12. b3 f5 13. f3 f4 14. Bf2 Nf6 15. a3 Bd7 16. Qc2 b6 17. b4 Nb7 18. Rac1 g5 19. Nb5 g4 20. Kh1 c6 21. dxc6 Bxc6 22. Qd3 h5 23. Bh4 Nxe4 24. Qxe4 Bxe4 25. Bxd8 gxf3 26. Nxe4 fxe2 27. Bxb6 f3 28. Nc7 Bh6 29. Nxa8 Bxc1 30. Rxc1 fxg2+ 31. Kxg2 Rxa8 32. Kf2 axb4 33. axb4 Kf7 34. Nc3 Ke6 35. Kxe2 Ra6 36. Be3 Nd8 37. b5 Ra8 38. Rg1 Ra3 39. Kd2 Nb7 40. Bb6 1-0

[Event "Porto Alegre Oncolinos op"]
[Site "Porto Alegre"]
[Date "2013.11.14"]
[Round "1"]
[White "Carlos, Eduardo"]
[Black "Togni, Everton Batista"]
[Result "1/2-1/2"]
[WhiteElo "1741"]
[BlackElo "1845"]
[PlyCount "95"]
[EventDate "2013.11.14"]
[EventType "swiss"]
[EventRounds "7"]
[EventCountry "BRA"]
[SourceTitle "EXT 2015"]
[Source "ChessBase"]
[SourceDate "2014.11.20"]
[SourceVersion "1"]
[SourceVersionDate "2014.11.20"]
[SourceQuality "1"]

1. Nf3 Nf6 2. g3 g6 3. Bg2 Bg7 4. d4 d6 5. 0-0 0-0 6. c4 Nbd7 7. Nbd2 Re8 8. Qc2 c6 9. b3 e5 10. dxe5 dxe5 11. Bb2 e4 12. Ng5 e3 13. fxe3 Rxe3 14. Nde4 Nxe4 15. Nxe4 Bxb2 16. Qxb2 f5 17. Nc3 Qf6 18. Rac1 Nf8 19. Qd2 Qe5 20. Rf2 Qe7 21. Nd1 Re5 22. e3 Be6 23. Qd4 Bf7 24. Rd2 Re8 25. Rc3 a5 26. Rcd3 h6 27. Kf2 Nh7 28. Qb6 Nf6 29. h3 h5 30. Rd8 h4 31. Rxe8+ Bxe8 32. Qd8 hxg3+ 33. Kxg3 Kf8 34. Qxe7+ Kxe7 35. Rd4 g5 36. Bf3 Bg6 37. Kf2 c5 38. Rd2 g4 39. hxg4 Nxg4+ 40. Bxg4 fxg4 41. Kg3 Re4 42. Kf2 Bh5 43. Kg3 Be8 44. a4 Bc6 45. Rd3 Re6 46. Nf2 Be4 47. Nxe4 Rxe4 48. Rc3 1/2-1/2

[Event "Porto Alegre op"]
[Site "Porto Alegre"]
[Date "2012.09.07"]
[Round "2"]
[White "Togni, Everton Batista"]
[Black "Stapenhorst, Matheus Frederico"]
[Result "1-0"]
[WhiteElo "1825"]
[BlackElo "1800"]
[PlyCount "61"]
[EventDate "2012.09.06"]
[EventType "swiss"]
[EventRounds "7"]
[EventCountry "BRA"]
[SourceTitle "CBM 150 Extra"]
[Source "ChessBase"]
[SourceDate "2012.10.19"]
[SourceVersion "1"]
[SourceVersionDate "2012.10.19"]
[SourceQuality "1"]

1. e4 c5 2. Nf3 d6 3. d4 cxd4 4. Nxd4 Nf6 5. Nc3 a6 6. Be2 e5 7. Nb3 Be7 8. Be3 Be6 9. a4 b6 10. 0-0 Nbd7 11. f4 exf4 12. Bxf4 Qc7 13. Qe1 0-0 14. Qg3 Ne5 15. Nd4 Kh8 16. Rad1 Rfe8 17. Kh1 Qc5 18. h4 h5 19. Bg5 Nfg4 20. Nxe6 fxe6 21. Bxg4 hxg4 22. Bxe7 Rxe7 23. Rf2 Rae8 24. Rdf1 Kg8 25. Nd1 Qb4 26. Qe3 Rc8 27. c3 Qb3 28. Qd4 Rd7 29. Ne3 Rc5 30. Ra1 Ra5 31. Ra3 1-0

[Event "Porto Alegre op"]
[Site "Porto Alegre"]
[Date "2012.09.06"]
[Round "1"]
[White "Molina, Roberto Junio Brito"]
[Black "Togni, Everton Batista"]
[Result "1-0"]
[WhiteElo "2402"]
[BlackElo "1825"]
[PlyCount "83"]
[EventDate "2012.09.06"]
[EventType "swiss"]
[EventRounds "7"]
[EventCountry "BRA"]
[SourceTitle "CBM 150 Extra"]
[Source "ChessBase"]
[SourceDate "2012.10.19"]
[SourceVersion "1"]
[SourceVersionDate "2012.10.19"]
[SourceQuality "1"]

1. d4 Nf6 2. c4 e6 3. Nf3 d5 4. Nc3 Nbd7 5. Bg5 Be7 6. e3 0-0 7. Rc1 c6 8. Bd3 dxc4 9. Bxc4 Ne8 10. Bxe7 Qxe7 11. 0-0 e5 12. Re1 e4 13. Nd2 Nd6 14. Bb3 Nf6 15. f3 exf3 16. Qxf3 Bg4 17. Qf4 Be6 18. e4 Bxb3 19. axb3 Nh5 20. Qf3 g6 21. Rcd1 Rac8 22. g4 Ng7 23. e5 Nb5 24. Nxb5 cxb5 25. Ne4 Ne8 26. g5 Kg7 27. Qh3 Qe6 28. Qh4 Rh8 29. d5 Qf5 30. d6 Rd8 31. Rf1 Qxe5 32. d7 h6 33. dxe8Q Rdxe8 34. Rd7 Ref8 35. gxh6+ Rxh6 36. Qf6+ Qxf6 37. Nxf6 Rh3 38. Rxb7 Rxb3 39. Rf2 Rb4 40. Rxa7 Rd8 41. Rxf7+ Kh6 42. Rh7+ 1-0

[Event "Petropolis op"]
[Site "Petropolis"]
[Date "2012.01.27"]
[Round "1.9"]
[White "Silva, Eduardo Munoa"]
[Black "Togni, Everton Batista"]
[Result "1-0"]
[WhiteElo "2157"]
[BlackElo "1807"]
[PlyCount "83"]
[EventDate "2012.01.27"]
[EventType "swiss"]
[EventRounds "6"]
[EventCountry "BRA"]
[SourceTitle "EXT 2022"]
[Source "ChessBase"]
[SourceDate "2021.10.06"]
[SourceVersion "1"]
[SourceVersionDate "2021.10.06"]
[SourceQuality "1"]

1. d4 Nf6 2. c4 e6 3. Nc3 Bb4 4. Bd2 c5 5. a3 Bxc3 6. Bxc3 Ne4 7. Rc1 Nxc3 8. Rxc3 cxd4 9. Qxd4 Qf6 10. Qxf6 gxf6 11. c5 a5 12. Nf3 Na6 13. e4 Ke7 14. Bb5 Rb8 15. 0-0 b6 16. cxb6 Rxb6 17. a4 Bb7 18. Nd2 Bc6 19. Bxa6 Rxa6 20. b3 Rg8 21. g3 h5 22. h4 Rg4 23. Kh2 Bxe4 24. f3 Rd6 25. Nxe4 Rxe4 26. fxe4 Rd4 27. Re1 Rb4 28. Ree3 Kd6 29. Kg2 Ke5 30. Kf3 d6 31. Rc8 f5 32. exf5+ Kxf5 33. Ra8 e5 34. Rxa5 f6 35. Rb5 Rd4 36. a5 Rd2 37. Rb4 d5 38. Re2 e4+ 39. Ke3 Rd3+ 40. Kf2 Rf3+ 41. Kg2 Ke5 42. a6 1-0